[Event "ROM-chT"]
[Site "Eforie Nord"]
[Date "2008.09.06"]
[Round "6"]
[White "Duca, Alexandru Gabriel"]
[Black "Ocnarescu, Victor"]
[Result "1-0"]
[WhiteElo "2059"]
[BlackElo "2184"]
[PlyCount "69"]
[EventDate "2008.09.01"]
[EventType "team"]
[EventRounds "9"]
[EventCountry "ROU"]
[SourceTitle "CBM 126 Extra"]
[Source "ChessBase"]
[SourceDate "2008.11.05"]
[SourceVersion "1"]
[SourceVersionDate "2008.11.05"]
[SourceQuality "1"]

1. e4 c5 2. Nf3 Nc6 3. Bb5 d6 4. 0-0 Bd7 5. Re1 Nf6 6. h3 a6 7. Bf1 g6 8. c3 Bg7 9. d4 cxd4 10. cxd4 0-0 11. Nc3 b5 12. Bg5 b4 13. Nd5 e6 14. Nxf6+ Bxf6 15. Bxf6 Qxf6 16. e5 Qe7 17. Qd2 Rfd8 18. Qf4 Be8 19. Rac1 Na5 20. Ng5 Bc6 21. exd6 Rxd6 22. Nxf7 Rd5 23. Ne5 Rf8 24. Qe3 Qd6 25. Nxc6 Nxc6 26. Bc4 Nxd4 27. Bxd5 Qxd5 28. Qe5 Qxe5 29. Rxe5 Kg7 30. Re4 Rd8 31. Rc4 b3 32. axb3 Nxb3 33. Rxe6 Kh6 34. g3 a5 35. Rb6 1-0

[Event "ROM-chT"]
[Site "Predeal"]
[Date "2007.11.19"]
[Round "7"]
[White "Taras, Gheorghe Dan"]
[Black "Ocnarescu, Victor"]
[Result "1/2-1/2"]
[WhiteElo "2224"]
[BlackElo "2197"]
[PlyCount "21"]
[EventDate "2007.10.13"]
[EventType "team"]
[EventRounds "9"]
[EventCountry "ROU"]
[SourceTitle "EXT 2008"]
[Source "ChessBase"]
[SourceDate "2007.11.25"]
[SourceVersion "1"]
[SourceVersionDate "2007.11.25"]
[SourceQuality "1"]

1. c4 Nf6 2. g3 g6 3. Bg2 Bg7 4. Nc3 d6 5. d4 0-0 6. Nf3 Nbd7 7. 0-0 c6 8. e4 Qc7 9. h3 a6 10. Re1 e5 11. Be3 1/2-1/2

[Event "ROM-chT"]
[Site "Predeal"]
[Date "2007.11.16"]
[Round "4"]
[White "Ocnarescu, Victor"]
[Black "Boros, Sergiu"]
[Result "1-0"]
[WhiteElo "2197"]
[BlackElo "1988"]
[PlyCount "104"]
[EventDate "2007.10.13"]
[EventType "team"]
[EventRounds "9"]
[EventCountry "ROU"]
[SourceTitle "EXT 2008"]
[Source "ChessBase"]
[SourceDate "2007.11.25"]
[SourceVersion "1"]
[SourceVersionDate "2007.11.25"]
[SourceQuality "1"]

1. e4 d5 2. exd5 Qxd5 3. Nc3 Qd6 4. d4 c6 5. Nge2 Bf5 6. a3 e6 7. Bf4 Qd8 8. Ng3 Bg6 9. Qd2 Nf6 10. Be2 Bd6 11. Bg5 Qc7 12. Bf3 h6 13. Bxf6 gxf6 14. Nge4 Bf4 15. Qe2 Bxe4 16. Nxe4 Nd7 17. g3 Bd6 18. Bh5 f5 19. Nd2 Nf6 20. Qxe6+ Qe7 21. Bxf7+ Kd8 22. Qxe7+ Kxe7 23. Bc4 Rae8 24. 0-0 f4 25. Nf3 Nd5 26. Rae1+ Kf6 27. Rxe8 Rxe8 28. Re1 Rxe1+ 29. Nxe1 Kf5 30. Kg2 Ke4 31. Nf3 Nb6 32. Bb3 Be7 33. g4 Nc8 34. h4 Nd6 35. Bg8 Nb5 36. Bh7+ Kd5 37. Bg8+ Ke4 38. Bh7+ Kd5 39. c3 Nd6 40. Nd2 c5 41. Bg8+ Kc6 42. Nf3 Kb5 43. dxc5 Kxc5 44. g5 hxg5 45. hxg5 Ne4 46. g6 Nf6 47. Bb3 Nh5 48. Nd4 Bf6 49. Ne6+ Kd6 50. Kf3 Ke5 51. Kg4 Ng7 52. Nxf4 b5 1-0

[Event "ROM-chT"]
[Site "Predeal"]
[Date "2007.11.15"]
[Round "3"]
[White "Ocnarescu, Victor"]
[Black "Anton, Teodor"]
[Result "0-1"]
[WhiteElo "2197"]
[BlackElo "2241"]
[PlyCount "134"]
[EventDate "2007.10.13"]
[EventType "team"]
[EventRounds "9"]
[EventCountry "ROU"]
[SourceTitle "EXT 2008"]
[Source "ChessBase"]
[SourceDate "2007.11.25"]
[SourceVersion "1"]
[SourceVersionDate "2007.11.25"]
[SourceQuality "1"]

1. e4 e5 2. Nf3 Nf6 3. Nxe5 d6 4. Nf3 Nxe4 5. Nc3 Nxc3 6. dxc3 Be7 7. Bf4 0-0 8. Qd2 Nd7 9. 0-0-0 Nc5 10. Nd4 Re8 11. f3 Ne6 12. Be3 Nxd4 13. cxd4 Bf5 14. g4 Bg6 15. Bf4 Bh4 16. Bg3 Qf6 17. Qf2 Bxg3 18. hxg3 Qe6 19. b3 Qe3+ 20. Qxe3 Rxe3 21. Bg2 Rae8 22. Rd2 Rc3 23. Kb2 Rce3 24. f4 Be4 25. Bxe4 R8xe4 26. Rdh2 h6 27. g5 Rxg3 28. gxh6 g6 29. h7+ Kh8 30. f5 gxf5 31. Rh5 f4 32. Rf5 Rg7 33. Kc3 Rxh7 34. Rxh7+ Kxh7 35. Kd3 Re3+ 36. Kd2 Kg6 37. Rxf4 Re7 38. Rg4+ Kh5 39. Rg7 Kh6 40. Rg1 f5 41. Rh1+ Kg5 42. Rg1+ Kf6 43. Rf1 d5 44. c4 c6 45. Kd3 Re4 46. Rh1 f4 47. cxd5 cxd5 48. Rh6+ Kg5 49. Rd6 f3 50. Rxd5+ Kf4 51. Rd7 Re3+ 52. Kd2 Re2+ 53. Kd3 Rxa2 54. Rxb7 f2 55. Rf7+ Kg3 56. Ke3 Kg2 57. Rg7+ Kf1 58. Kf3 Ra3 59. Rb7 a5 60. d5 a4 61. d6 axb3 62. d7 Ke1 63. d8Q f1Q+ 64. Kg4 Ra4+ 65. Kg5 Qg2+ 66. Kf5 Qf3+ 67. Ke6 Re4+ 0-1

[Event "EU-ch U18 17th"]
[Site "Sibenik"]
[Date "2007.09.20"]
[Round "7"]
[White "Green, Andrew"]
[Black "Ocnarescu, Victor"]
[Result "1/2-1/2"]
[WhiteElo "1951"]
[BlackElo "2215"]
[PlyCount "77"]
[EventDate "2007.09.14"]
[EventType "swiss"]
[EventRounds "9"]
[EventCountry "CRO"]
[SourceTitle "CBM 120 Extra"]
[Source "ChessBase"]
[SourceDate "2007.11.01"]
[SourceVersion "1"]
[SourceVersionDate "2007.11.01"]
[SourceQuality "1"]

1. e4 c5 2. Nf3 d6 3. d4 cxd4 4. Nxd4 Nf6 5. Nc3 g6 6. Be3 Bg7 7. Bc4 0-0 8. f3 Nc6 9. Qd2 Bd7 10. 0-0-0 Qa5 11. Kb1 Rfc8 12. Bb3 Ne5 13. Bg5 Nc4 14. Bxc4 Rxc4 15. Nb3 Qe5 16. Rhe1 Rxc3 17. bxc3 Be6 18. a4 Bc4 19. f4 Qe6 20. e5 Nd5 21. Na5 Ba2+ 22. Ka1 dxe5 23. fxe5 Bxe5 24. Rxe5 Qxe5 25. Re1 Qc7 26. c4 Bxc4 27. Re4 Nb6 28. Qc3 Rc8 29. Rxe7 Qd6 30. Nxc4 Nxc4 31. Bh6 Qa3+ 32. Qxa3 Nxa3 33. c3 Rb8 34. Re4 b5 35. axb5 Nxb5 36. Rb4 Rb6 37. Kb2 Nc7 38. Rxb6 axb6 39. Kb3 1/2-1/2

[Event "EU-ch U18 17th"]
[Site "Sibenik"]
[Date "2007.09.15"]
[Round "2"]
[White "Ocnarescu, Victor"]
[Black "Ertan, Can"]
[Result "1-0"]
[WhiteElo "2215"]
[BlackElo "1965"]
[PlyCount "81"]
[EventDate "2007.09.14"]
[EventType "swiss"]
[EventRounds "9"]
[EventCountry "CRO"]
[SourceTitle "CBM 120 Extra"]
[Source "ChessBase"]
[SourceDate "2007.11.01"]
[SourceVersion "1"]
[SourceVersionDate "2007.11.01"]
[SourceQuality "1"]

1. e4 e5 2. Nf3 Nc6 3. Nc3 Nf6 4. Bb5 Nd4 5. Ba4 Nxf3+ 6. Qxf3 c6 7. 0-0 Be7 8. d3 0-0 9. Bb3 d6 10. h3 Nd7 11. Ne2 Nc5 12. Ng3 Nxb3 13. axb3 Bg5 14. Be3 Bxe3 15. Qxe3 a5 16. f4 f6 17. Nh5 Kh8 18. g4 Be6 19. Ng3 Qc7 20. Kh2 d5 21. Rf2 d4 22. Qd2 exf4 23. Qxf4 Qxf4 24. Rxf4 Rfd8 25. Re1 Re8 26. Nf5 Rad8 27. h4 Kg8 28. g5 fxg5 29. hxg5 Bc8 30. Ref1 b6 31. Kg3 c5 32. Kh4 Be6 33. Kg3 b5 34. Rh1 Bf7 35. Ra1 c4 36. bxc4 bxc4 37. Rxa5 cxd3 38. cxd3 Bb3 39. Ra7 Kh8 40. Rxg7 Bc2 41. Rh4 1-0

[Event "ROM-chT U20"]
[Site "Mangalia"]
[Date "2007.08.28"]
[Round "4.2"]
[White "Ocnarescu, Victor"]
[Black "Nemes, Silviu Virgil"]
[Result "1-0"]
[WhiteElo "2215"]
[BlackElo "2150"]
[PlyCount "136"]
[EventDate "2007.08.26"]
[EventType "team-tourn"]
[EventRounds "5"]
[EventCountry "ROU"]
[SourceTitle "EXT 2010"]
[Source "ChessBase"]
[SourceDate "2010.11.25"]
[SourceVersion "1"]
[SourceVersionDate "2010.11.25"]
[SourceQuality "1"]

1. e4 c5 2. Nf3 Nc6 3. d4 cxd4 4. Nxd4 Nf6 5. Nc3 d6 6. Bg5 e6 7. Qd2 a6 8. 0-0-0 Bd7 9. f3 Be7 10. h4 Qc7 11. Kb1 h6 12. Be3 Nxd4 13. Bxd4 b5 14. Bd3 b4 15. Ne2 e5 16. Bf2 a5 17. g4 Be6 18. Bb5+ Nd7 19. Ng3 Rb8 20. Ba4 Kf8 21. Bxd7 Bxd7 22. Nf5 Bxf5 23. gxf5 a4 24. Rc1 Bf6 25. c4 Be7 26. Rhd1 Kg8 27. Qd5 Qb7 28. h5 Bg5 29. Qxb7 Rxb7 30. Rc2 Be7 31. c5 dxc5 32. Bxc5 Kh7 33. Rd5 b3 34. Rc3 bxa2+ 35. Kxa2 Bxc5 36. Rdxc5 Rhb8 37. Rc2 Rb3 38. Rxe5 Rxf3 39. Re7 a3 40. bxa3 Ra8 41. Rxf7 Raxa3+ 42. Kb1 Rab3+ 43. Rb2 Rxb2+ 44. Kxb2 Re3 45. Re7 Kg8 46. Kc2 Kf8 47. Re6 Kf7 48. Kd2 Rh3 49. Ra6 Ke7 50. Ke2 Kf7 51. Kf2 Ke7 52. Kg2 Re3 53. Re6+ Kf7 54. Kf2 Rh3 55. Rb6 Ke7 56. Ke2 Kf7 57. Re6 Kf8 58. Rd6 Ke7 59. Rd3 Rxh5 60. Rg3 Kf7 61. Ke3 Rh1 62. Kf4 Ra1 63. Rb3 Ra7 64. Rb4 g6 65. e5 gxf5 66. Kxf5 Ke7 67. Rb6 h5 68. Rh6 Ra1 1-0

[Event "ROM-chT U20"]
[Site "Mangalia"]
[Date "2007.08.27"]
[Round "3.2"]
[White "Ocnarescu, Victor"]
[Black "Moraru, Alexandru"]
[Result "1/2-1/2"]
[WhiteElo "2215"]
[BlackElo "2032"]
[PlyCount "44"]
[EventDate "2007.08.26"]
[EventType "team-tourn"]
[EventRounds "5"]
[EventCountry "ROU"]
[SourceTitle "EXT 2010"]
[Source "ChessBase"]
[SourceDate "2010.11.25"]
[SourceVersion "1"]
[SourceVersionDate "2010.11.25"]
[SourceQuality "1"]

1. e4 e6 2. d4 d5 3. Nd2 Nf6 4. e5 Nfd7 5. Bd3 c5 6. c3 Nc6 7. Ne2 cxd4 8. cxd4 Qb6 9. Nf3 f6 10. exf6 Nxf6 11. 0-0 Bd6 12. Bf4 Qc7 13. Bxd6 Qxd6 14. Qd2 0-0 15. Ng3 e5 16. dxe5 Nxe5 17. Nxe5 Qxe5 18. Rfe1 Qd6 19. Re2 Bd7 20. Rae1 Rae8 21. Rxe8 Rxe8 22. Rxe8+ Bxe8 1/2-1/2

[Event "ROM-ch"]
[Site "Amara"]
[Date "2007.02.21"]
[Round "7"]
[White "Ocnarescu, Victor"]
[Black "Scurhan, Gheorghe"]
[Result "1-0"]
[WhiteElo "2183"]
[BlackElo "2096"]
[PlyCount "83"]
[EventDate "2007.02.16"]
[EventType "swiss"]
[EventRounds "9"]
[EventCountry "ROU"]
[SourceTitle "CBM 117 Extra"]
[Source "ChessBase"]
[SourceDate "2007.05.09"]
[SourceVersion "1"]
[SourceVersionDate "2007.05.09"]
[SourceQuality "1"]

1. e4 c5 2. Nf3 g6 3. d4 cxd4 4. Nxd4 Bg7 5. Nc3 Nc6 6. Be3 Nf6 7. Bc4 d6 8. f3 Qb6 9. Nf5 Qxb2 10. Nxg7+ Kf8 11. Nd5 Kxg7 12. 0-0 Nxd5 13. exd5 Qc3 14. Qe2 Nd4 15. Qd3 Qxd3 16. Bxd3 e5 17. g4 h5 18. c3 Nxf3+ 19. Rxf3 hxg4 20. Rf2 f5 21. Bg5 Kf7 22. Rb1 b6 23. Rb4 Rh3 24. Bb5 Bb7 25. c4 Rah8 26. Rb3 R3h5 27. Bd2 Ke7 28. Ra3 Ra8 29. Ba6 Bxa6 30. Rxa6 Kd7 31. Rg2 Kc7 32. Rg3 Kb7 33. Rga3 Rhh8 34. Bg5 Rh7 35. Bd8 Rh3 36. Be7 Rxa3 37. Rxa3 Kc7 38. h3 gxh3 39. Rxh3 Rc8 40. Rh7 Kb7 41. Bxd6+ Ka6 42. Bxe5 1-0

[Event "San Agustin op 12th"]
[Site "Aviles"]
[Date "2007.??.??"]
[Round "5"]
[White "Leks, Hanna"]
[Black "Ocnarescu, Victor"]
[Result "1-0"]
[WhiteElo "2232"]
[BlackElo "2215"]
[PlyCount "57"]
[EventDate "2007.08.04"]
[EventType "swiss"]
[EventRounds "9"]
[EventCountry "ESP"]
[SourceTitle "CBM 119 Extra"]
[Source "ChessBase"]
[SourceDate "2007.09.04"]
[SourceVersion "1"]
[SourceVersionDate "2007.09.04"]
[SourceQuality "1"]

1. e4 c5 2. Nf3 Nc6 3. d4 cxd4 4. Nxd4 Nf6 5. Nc3 e5 6. Ndb5 d6 7. Bg5 a6 8. Na3 b5 9. Nd5 Be7 10. Bxf6 Bxf6 11. c4 b4 12. Nc2 a5 13. g3 0-0 14. Bg2 g6 15. 0-0 Bg7 16. Nde3 Be6 17. Qd3 Qc7 18. Rad1 Rad8 19. b3 Kh8 20. f4 f5 21. exf5 gxf5 22. Bxc6 Qxc6 23. fxe5 dxe5 24. Qxd8 Rxd8 25. Rxd8+ Bg8 26. Rxf5 h6 27. Rf2 Kh7 28. Nf5 Bf6 29. Rd6 1-0

[Event "ROM-chT div-A"]
[Site "Predeal"]
[Date "2006.11.09"]
[Round "6"]
[White "Ocnarescu, Victor"]
[Black "Grecescu, Gabriel Andrei"]
[Result "1/2-1/2"]
[WhiteElo "2195"]
[BlackElo "2405"]
[PlyCount "102"]
[EventDate "2006.11.04"]
[EventType "team"]
[EventRounds "9"]
[EventCountry "ROU"]
[SourceTitle "EXT 2007"]
[Source "ChessBase"]
[SourceDate "2006.11.23"]
[SourceVersion "1"]
[SourceVersionDate "2006.11.23"]
[SourceQuality "1"]

1. e4 c5 2. Nf3 Nc6 3. d4 cxd4 4. Nxd4 g6 5. Nc3 Bg7 6. Be3 Nf6 7. Bc4 0-0 8. Bb3 d6 9. f3 Bd7 10. Qd2 Ne5 11. 0-0-0 Rc8 12. h4 h5 13. Bg5 Rc5 14. Kb1 b5 15. Nd5 a5 16. Nxf6+ exf6 17. Bh6 a4 18. Bd5 a3 19. Bxg7 Kxg7 20. b3 f5 21. b4 Rc7 22. exf5 Qf6 23. Qg5 Bxf5 24. Nxf5+ Qxf5 25. Qxf5 gxf5 26. Bb3 Nc4 27. Rhe1 Rfc8 28. Re2 f6 29. Rd5 f4 30. Rxb5 Ne3 31. Kc1 d5 32. g3 d4 33. gxf4 Kh6 34. Ra5 Rg7 35. Kd2 Rc3 36. Ra8 Rgc7 37. Rxa3 Nxc2 38. Ra6 Nxb4 39. Rxf6+ Kg7 40. Rd6 Nxa2 41. Bxa2 Rc2+ 42. Ke1 Rxe2+ 43. Kxe2 Rc2+ 44. Kd3 Rxa2 45. Rxd4 Rh2 46. f5 Kf6 47. Rf4 Ra2 48. Ke3 Ke5 49. Rb4 Ra3+ 50. Kf2 Kxf5 51. Rb5+ Kf4 1/2-1/2

[Event "ROM-chT div-A"]
[Site "Predeal"]
[Date "2006.11.07"]
[Round "4"]
[White "Ocnarescu, Victor"]
[Black "Levay, Sorin"]
[Result "0-1"]
[WhiteElo "2195"]
[BlackElo "2252"]
[PlyCount "66"]
[EventDate "2006.11.04"]
[EventType "team"]
[EventRounds "9"]
[EventCountry "ROU"]
[SourceTitle "EXT 2007"]
[Source "ChessBase"]
[SourceDate "2006.11.23"]
[SourceVersion "1"]
[SourceVersionDate "2006.11.23"]
[SourceQuality "1"]

1. e4 c5 2. Nf3 Nc6 3. d4 cxd4 4. Nxd4 Qb6 5. Nb3 Nf6 6. Nc3 e6 7. Be3 Qc7 8. Bd3 a6 9. f4 d6 10. Qf3 Be7 11. g4 b5 12. 0-0-0 Bb7 13. Kb1 Nd7 14. Rhe1 0-0-0 15. Qf2 Kb8 16. Bxb5 axb5 17. Nxb5 Qc8 18. Ba7+ Ka8 19. Bb6 Nxb6 20. Qxb6 Rd7 21. Rd4 Ba6 22. Ra4 Nb8 23. c4 Qb7 24. Qe3 Nc6 25. Rd1 Kb8 26. Rxa6 Qxa6 27. Nc5 dxc5 28. Rxd7 Rd8 29. Qd3 Qc8 30. Rxd8 Qxd8 31. Qb3 Nb4 32. Nc3 Qd3+ 33. Ka1 Qc2 0-1

[Event "ROM-chT div-A"]
[Site "Predeal"]
[Date "2006.11.06"]
[Round "3"]
[White "Sofronie, Iulian"]
[Black "Ocnarescu, Victor"]
[Result "1-0"]
[WhiteElo "2421"]
[BlackElo "2195"]
[PlyCount "179"]
[EventDate "2006.11.04"]
[EventType "team"]
[EventRounds "9"]
[EventCountry "ROU"]
[SourceTitle "EXT 2007"]
[Source "ChessBase"]
[SourceDate "2006.11.23"]
[SourceVersion "1"]
[SourceVersionDate "2006.11.23"]
[SourceQuality "1"]

1. e4 c5 2. Nf3 d6 3. Bc4 Nc6 4. c3 g6 5. 0-0 Bg7 6. Re1 Nf6 7. Bb3 0-0 8. h3 a6 9. d4 cxd4 10. cxd4 b5 11. Nc3 Bb7 12. Bg5 Na5 13. Bc2 Rc8 14. Rc1 Nc4 15. b3 Nb6 16. Bd3 Rc7 17. Qd2 Qd7 18. Bh6 Rfc8 19. Bxg7 Kxg7 20. d5 e5 21. Nh4 Ng8 22. Ne2 Rxc1 23. Rxc1 Rxc1+ 24. Qxc1 Qd8 25. Nf3 Ne7 26. Qc3 h6 27. Nd2 f5 28. f3 Qc8 29. Qxc8 Bxc8 30. Nc3 Bd7 31. b4 Nec8 32. Kf2 f4 33. Nb3 Kf6 34. h4 g5 35. hxg5+ hxg5 36. Na5 Na7 37. g4 Ke7 38. Bc2 Be8 39. Bb3 Kd8 40. Ke2 Kc7 41. Nd1 Nd7 42. Nf2 Nf6 43. Nh3 Nh7 44. a3 Bf7 45. Kd3 Kb6 46. Kc3 Bg8 47. Bd1 Bf7 48. Be2 Be8 49. Nb3 Nc8 50. Bd3 Ne7 51. Nd2 Ng6 52. Nf2 Nh4 53. Be2 Bd7 54. Nd1 Be8 55. Kb3 Nf6 56. Nc3 Bd7 57. a4 Ne8 58. a5+ Kb7 59. Nd1 Nf6 60. Nf2 Be8 61. Kc3 Kc7 62. Nb3 Bd7 63. Kd2 Be8 64. Nd3 Nd7 65. Ne1 Nf6 66. Bd3 Bd7 67. Be2 Be8 68. Nd3 Nd7 69. Bd1 Bf7 70. Ke2 Bg6 71. Nbc5 dxc5 72. bxc5 Nf6 73. Nxe5 Bxe4 74. d6+ Kc8 75. fxe4 Nxe4 76. d7+ Kc7 77. c6 Nc5 78. Nf7 Ne6 79. Bb3 Nd8 80. Ne5 Ng2 81. Bd5 Ne3 82. Be4 b4 83. Kd2 Nf1+ 84. Kc2 Nh2 85. Kb3 f3 86. Nxf3 Nxg4 87. Nd4 Nf2 88. Bg2 g4 89. Nb5+ axb5 90. a6 1-0

[Event "San Agustin op 11th"]
[Site "Aviles"]
[Date "2006.08.10"]
[Round "6"]
[White "Martinez Perez, Jorge"]
[Black "Ocnarescu, Victor"]
[Result "0-1"]
[WhiteElo "2034"]
[BlackElo "2177"]
[PlyCount "44"]
[EventDate "2006.08.05"]
[EventType "swiss"]
[EventRounds "9"]
[EventCountry "ESP"]
[SourceTitle "CBM 113 Extra"]
[Source "ChessBase"]
[SourceDate "2006.09.14"]
[SourceVersion "1"]
[SourceVersionDate "2006.09.14"]
[SourceQuality "1"]

1. Nf3 Nf6 2. b3 d5 3. Bb2 e6 4. e3 c5 5. Be2 Nc6 6. 0-0 Bd6 7. d4 cxd4 8. exd4 0-0 9. c4 b6 10. Ne5 Ne7 11. Nc3 Bb7 12. Bg4 dxc4 13. Nxf7 Kxf7 14. Re1 Kg8 15. Nb5 Bb4 16. Bxe6+ Kh8 17. Re3 Ned5 18. a3 Nxe3 19. fxe3 c3 20. Nxc3 Bxc3 21. Bxc3 Nd5 22. Bd2 Qf6 0-1

[Event "San Agustin op 11th"]
[Site "Aviles"]
[Date "2006.08.09"]
[Round "5"]
[White "Ocnarescu, Victor"]
[Black "Marcos Pinto, Luis"]
[Result "1-0"]
[WhiteElo "2177"]
[BlackElo "1988"]
[PlyCount "69"]
[EventDate "2006.08.05"]
[EventType "swiss"]
[EventRounds "9"]
[EventCountry "ESP"]
[SourceTitle "CBM 113 Extra"]
[Source "ChessBase"]
[SourceDate "2006.09.14"]
[SourceVersion "1"]
[SourceVersionDate "2006.09.14"]
[SourceQuality "1"]

1. e4 c5 2. Nf3 Nc6 3. d4 cxd4 4. Nxd4 e5 5. Nb5 Nf6 6. N1c3 d6 7. Bg5 a6 8. Na3 b5 9. Nd5 Be7 10. Bxf6 Bxf6 11. c3 Bg5 12. Nc2 Be6 13. a4 bxa4 14. Rxa4 a5 15. Bb5 Bd7 16. Ncb4 Rc8 17. Nxc6 Bxc6 18. Bxc6+ Rxc6 19. Qa1 Rc5 20. 0-0 0-0 21. Qa2 Qb8 22. Rb1 Bd8 23. b4 Rb5 24. Ra1 axb4 25. cxb4 g6 26. g3 Bg5 27. h4 Bh6 28. Nf6+ Kg7 29. Nd7 Qc8 30. Nxf8 Qxf8 31. Qc4 Rb7 32. Ra7 Qe7 33. Rxb7 Qxb7 34. b5 Qb8 35. Qc6 1-0

[Event "EU-chT U18 6th"]
[Site "Balatonlelle"]
[Date "2006.07.12"]
[Round "1"]
[White "Martinovic, Sasa"]
[Black "Ocnarescu, Victor"]
[Result "1-0"]
[WhiteElo "2367"]
[BlackElo "2177"]
[PlyCount "59"]
[EventDate "2006.07.12"]
[EventType "team-swiss"]
[EventRounds "7"]
[EventCountry "HUN"]
[SourceTitle "EXT 2020"]
[Source "ChessBase"]
[SourceDate "2019.10.17"]
[SourceVersion "1"]
[SourceVersionDate "2019.10.17"]
[SourceQuality "1"]
[WhiteTeam "Croatia U18"]
[BlackTeam "Romania U18"]
[WhiteTeamCountry "CRO"]
[BlackTeamCountry "ROU"]

1. d4 Nf6 2. Bg5 e6 3. e4 h6 4. Bxf6 Qxf6 5. c3 g6 6. e5 Qe7 7. Nf3 Bg7 8. Bd3 d6 9. 0-0 Bd7 10. Nbd2 Bc6 11. Re1 Nd7 12. exd6 Qxd6 13. Qc2 0-0-0 14. b4 Bxf3 15. Nxf3 e5 16. c4 exd4 17. c5 Qf6 18. b5 Bf8 19. c6 Nc5 20. cxb7+ Kxb7 21. Ne5 Nxd3 22. Qxd3 Bb4 23. Qe4+ Kb6 24. Rec1 Bc3 25. a4 Rhe8 26. a5+ Kc5 27. Nd3+ Kc4 28. Ra4+ Kxb5 29. Rb4+ Bxb4 30. Qb7+ 1-0

[Event "Eger Agria op"]
[Site "Eger"]
[Date "2005.08.01"]
[Round "9"]
[White "Ocnarescu, Victor"]
[Black "Konnyu, Janos"]
[Result "1/2-1/2"]
[WhiteElo "2118"]
[BlackElo "2267"]
[PlyCount "83"]
[EventDate "2005.07.18"]
[EventType "swiss"]
[EventRounds "9"]
[EventCountry "HUN"]
[SourceTitle "EXT 2008"]
[Source "ChessBase"]
[SourceDate "2007.11.25"]
[SourceVersion "1"]
[SourceVersionDate "2007.11.25"]
[SourceQuality "1"]

1. e4 c5 2. Nf3 Nc6 3. d4 cxd4 4. Nxd4 Nf6 5. Nc3 e5 6. Ndb5 d6 7. Bg5 a6 8. Na3 b5 9. Nd5 Be7 10. Bxf6 Bxf6 11. c3 0-0 12. Nc2 Bg5 13. Bd3 Ne7 14. Nce3 Nxd5 15. Nxd5 Be6 16. Bc2 Rc8 17. 0-0 Bxd5 18. Qxd5 Rc5 19. Qd3 g6 20. Rfd1 Be7 21. a4 Kh8 22. axb5 axb5 23. b4 Rc6 24. Ra7 Rc7 25. Rda1 f5 26. exf5 gxf5 27. Qxb5 Rxc3 28. Qd7 Qxd7 29. Rxd7 Rxc2 30. Rxe7 Rfc8 31. g3 R2c7 32. Ra7 Rxe7 33. Rxe7 Rb8 34. Rd7 Rxb4 35. Rxd6 Kg7 36. h4 Rb7 37. Re6 e4 38. g4 fxg4 39. Rxe4 h5 40. f3 Rb1+ 41. Kg2 Rb2+ 42. Kg1 1/2-1/2

[Event "Eger Agria op"]
[Site "Eger"]
[Date "2005.07.30"]
[Round "7"]
[White "Zambo, Zoltan"]
[Black "Ocnarescu, Victor"]
[Result "1/2-1/2"]
[WhiteElo "2219"]
[BlackElo "2118"]
[PlyCount "126"]
[EventDate "2005.07.18"]
[EventType "swiss"]
[EventRounds "9"]
[EventCountry "HUN"]
[SourceTitle "EXT 2008"]
[Source "ChessBase"]
[SourceDate "2007.11.25"]
[SourceVersion "1"]
[SourceVersionDate "2007.11.25"]
[SourceQuality "1"]

1. d4 Nf6 2. c4 g6 3. Nc3 d5 4. cxd5 Nxd5 5. Bd2 Bg7 6. e4 Nb6 7. Be3 0-0 8. Be2 Be6 9. d5 Bd7 10. Bd4 e5 11. Bc5 Re8 12. Nf3 Bg4 13. Qb3 N8d7 14. Be3 Bf8 15. Rc1 c6 16. dxc6 bxc6 17. Ng5 Be6 18. Nxe6 Rxe6 19. 0-0 Bc5 20. Bxc5 Nxc5 21. Qc2 Rd6 22. Nb5 Rd2 23. Qxc5 Rxe2 24. Nd6 Rxb2 25. Qxe5 Rxa2 26. Rxc6 Qd7 27. Rfc1 Rd2 28. h3 Rd8 29. Nb5 Re8 30. Qf4 Rd1+ 31. Rxd1 Qxd1+ 32. Kh2 Qa1 33. f3 Qe5 34. Qxe5 Rxe5 35. Nxa7 Ra5 36. Rc7 Kg7 37. Kg3 Rg5+ 38. Kf2 Ra5 39. g4 Nc4 40. g5 Nd6 41. h4 h6 42. gxh6+ Kxh6 43. Nc8 Nxc8 44. Rxc8 f5 45. Ke3 fxe4 46. fxe4 Kg7 47. Rc2 Rh5 48. Kd4 Rxh4 49. Ke5 Rh1 50. Ke6 Kh6 51. e5 g5 52. Rf2 Kh5 53. Kf5 Kh4 54. Re2 Rf1+ 55. Kg6 g4 56. e6 Rf8 57. e7 Re8 58. Kf5 g3 59. Kf4 Kh3 60. Re6 Kh2 61. Kf3 g2 62. Re2 Kh1 63. Rxg2 Rxe7 1/2-1/2

[Event "Eger Agria op"]
[Site "Eger"]
[Date "2005.07.29"]
[Round "6"]
[White "Ocnarescu, Victor"]
[Black "Toth, Daniel"]
[Result "1/2-1/2"]
[WhiteElo "2118"]
[BlackElo "2254"]
[PlyCount "85"]
[EventDate "2005.07.18"]
[EventType "swiss"]
[EventRounds "9"]
[EventCountry "HUN"]
[SourceTitle "EXT 2008"]
[Source "ChessBase"]
[SourceDate "2007.11.25"]
[SourceVersion "1"]
[SourceVersionDate "2007.11.25"]
[SourceQuality "1"]

1. e4 c5 2. Nf3 Nc6 3. d4 cxd4 4. Nxd4 Nf6 5. Nc3 e5 6. Ndb5 d6 7. Bg5 a6 8. Na3 b5 9. Nd5 Be7 10. Bxf6 Bxf6 11. c3 0-0 12. Nc2 Rb8 13. a3 Bg5 14. h4 Be7 15. Bd3 Be6 16. Nce3 Qd7 17. Qe2 Bd8 18. Rd1 Ne7 19. Bc2 a5 20. h5 Bxd5 21. Nxd5 Nxd5 22. Rxd5 b4 23. cxb4 axb4 24. 0-0 Qc7 25. Bd3 bxa3 26. bxa3 Qc3 27. a4 Rb2 28. Qg4 Bb6 29. h6 g6 30. Qf3 f5 31. exf5 Rxf2 32. Rxf2 Qe1+ 33. Kh2 Bxf2 34. g3 Qd2 35. Bc4 Bd4+ 36. Qg2 Qxh6+ 37. Qh3 Qd2+ 38. Qg2 Qh6+ 39. Qh3 Qd2+ 40. Qg2 Qxg2+ 41. Kxg2 Kg7 42. fxg6 Rf2+ 43. Kh3 1/2-1/2

[Event "Eger Agria op"]
[Site "Eger"]
[Date "2005.07.28"]
[Round "5"]
[White "Ocnarescu, Victor"]
[Black "Hujbert, Florian"]
[Result "0-1"]
[WhiteElo "2118"]
[BlackElo "2287"]
[PlyCount "78"]
[EventDate "2005.07.18"]
[EventType "swiss"]
[EventRounds "9"]
[EventCountry "HUN"]
[SourceTitle "EXT 2008"]
[Source "ChessBase"]
[SourceDate "2007.11.25"]
[SourceVersion "1"]
[SourceVersionDate "2007.11.25"]
[SourceQuality "1"]

1. e4 c5 2. Nf3 Nc6 3. d4 cxd4 4. Nxd4 Nf6 5. Nc3 e5 6. Ndb5 d6 7. Bg5 a6 8. Na3 b5 9. Nd5 Be7 10. Bxf6 Bxf6 11. Be2 Bb7 12. c4 Nd4 13. cxb5 Bxd5 14. exd5 Qa5+ 15. Qd2 axb5 16. Qxa5 Rxa5 17. Bd3 0-0 18. 0-0 e4 19. Bxe4 Ne2+ 20. Kh1 Bxb2 21. Rae1 Nc3 22. Nc2 Rxa2 23. Re3 Ra4 24. Rfe1 Rxe4 25. Rxe4 Nxe4 26. Rxe4 Rc8 27. g3 g6 28. Ne3 Bc3 29. Re7 Rb8 30. Nd1 Bd4 31. Re4 Bc5 32. Re2 b4 33. Kg2 Kg7 34. Kf3 Kf6 35. h4 Ra8 36. g4 Ra3+ 37. Ke4 Rh3 38. Nb2 Rxh4 39. f3 h5 0-1